| 000 | 00986nam a22002417a 4500 | ||
|---|---|---|---|
| 005 | 2009111306196.0 | ||
| 008 | 091113t xxu||||| |||| 00| 0 eng d | ||
| 010 | _aENG-95477 | ||
| 020 |
_a8175245573 _c600.00 |
||
| 035 | _aEN-79010 | ||
| 037 | _bDBAD/PUB | ||
| 040 | _aDPL | ||
| 082 | _a306.483 | ||
| 245 |
_aHandbook of sports sociology/ _cedited by Vivek Solanki |
||
| 260 |
_aNew Delhi _bKhel Sahitya Kendra _c2009 |
||
| 270 |
_a7/26, Ansari road, Darya Ganj _bNew Delhi _e110002 |
||
| 300 |
_a 272p.; _c22 cm.(Hb) |
||
| 650 |
_aSports _xSociological aspects |
||
| 700 | _aSolanki, Vivek | ||
| 942 |
_2ddc _cEN _mSOL _h306.483 |
||
| 999 |
_c31880 _d31880 |
||